| 000 | 00521nam a22001937a 4500 | ||
|---|---|---|---|
| 001 | 00028610 | ||
| 005 | 20260320111738.0 | ||
| 008 | 260320b ag ||||| |||| 00| 0 spa d | ||
| 020 | _a9505185340 | ||
| 040 |
_bspa _cAR-CcCEOS |
||
| 080 | _a159 | ||
| 090 | _bHAR | ||
| 100 | 1 |
_aHarari, Roberto _9939 |
|
| 245 |
_aEl seminario "La Angustia" de Lacan: una introducción / _cRoberto Harari |
||
| 260 |
_aBuenos Aires : _bAmorrortu, _cc1993. |
||
| 300 |
_a217 p. ; _c24x10 cm. |
||
| 650 | 0 | _afilosofía | |
| 942 |
_2udc _cBK |
||
| 999 |
_c28640 _d28640 |
||
| 945 |
_a66467 _bMelina Rolando _c66467 _dMelina Rolando |
||